000
00271nam a22001097a 4500
008
230629b xxu||||| |||| 00| 0 eng d
082
_a
338.9
_b
KEN
245
_a
Development Plan
_b
For the Period 1970 to 1974
260
_a
Kenya
_b
GOK
300
_a
III,198p
942
_2
ddc
_c
BK
999
_c
2994
_d
2994